| 000 | 02647nam a22003137a 4500 | ||
|---|---|---|---|
| 999 |
_c62714 _d62714 |
||
| 003 | Ge_BSU | ||
| 005 | 20250129112152.0 | ||
| 008 | 250129s2016 ge ||||| |||| 00| 0 geo d | ||
| 020 | _a19875916 | ||
| 041 | _ageo | ||
| 080 | _a378.4(479.223-25)(063) ჩ-55 | ||
| 245 |
_aჩვენი სულიერების ბალავარი : _bVIII საერთაშორისო სამეცნიერო კონფერენციის მასალები, ბათუმი, 13-14 მაისი, 2016 = The fundamentals of our spirituality : Proceedings of the VIII International Scientific Conference, Batumi, 13-14 May, 2016 : [კრებული] / _c ბათუმის შოთა რუსთაველის სახ. სახელმწ. უნ-ტი, ქრისტიანული კულტურის კვლევის ცენტრი, ნიკო ბერძენიშვილის ინ-ტის ისტორიისა და არქეოლოგიის განყ-ბა ; სარედაქციო კოლეგია: ბიჭიკო დიასამიძე (მთ. რედ.), სიმონ გოგიტიძე, ხათუნა დიასამიძე [და სხვ.]. |
||
| 264 |
_aთბილისი : _bუნივერსალი, _c2016. |
||
| 300 |
_a453 გვ. : _bილ. ; _c20 სმ. |
||
| 500 | _aეძღვნება პროფესორ სიმონ გოგიტიძის ხსოვნას. | ||
| 501 | _a1 სტატია რუსულ ენაზე. | ||
| 504 | _aბიბლიოგრ. მასალების ბოლოს. | ||
| 520 | _aრეზიუმე ინგლ. ენაზე. | ||
| 700 |
_aაბაშიძე, რომან _eავტორი _910549 |
||
| 700 |
_aაგანიანი, თორგომ _eავტორი _924165 |
||
| 700 |
_aაზმაიფარაშვილი, მაია _eავტორი _923832 |
||
| 700 |
_aბაგრატიონი, ირმა _e ავტორი _924166 |
||
| 700 |
_aკუპრაშვილი, სულხან და სხვ. _eავტორი _924167 |
||
| 700 |
_aდიასამიძე, ხათუნა _eრედაქტორი _95241 |
||
| 700 |
_aვარშალომიძე, ირინა _eრედაქტორი _917495 |
||
| 700 |
_aთურმანიძე, ოთარ და სხვ. _eრედაქტორი _917878 |
||
| 773 | _tნაჩუქარი | ||
| 942 |
_2udc _cᲬᲘᲒᲜᲘ |
||